"ERICE, JUAN ANTONIO; ARROYO, LEANDRO JAVIER s/ LESIONES GRAVÍSIMAS AGRAVADAS" / (Record no. 1310)

MARC details
000 -CABECERA
Campo de control de longitud fija 01224nam a22002897a 4500
005 - FECHA Y HORA DE LA ULTIMA TRANSACCION (NR)
Campo de control 20260703131519.0
008 - ELEMENTOS DE LONGITUD FIJA -- INFORMACION GENERAL (NR)
Campo de control de longitud fija 260703s2026 ag ||||| |||| 00| 0 spa d
020 ## - TIPO DE RESOLUCION Y NUMERO
Número de Resolución Sentencia TI 41/26 Fecha 29/06/26
Tipo de Resolución Sentencias
110 ## - ASIENTO PRINCIPAL--NOMBRE CORPORATIVO (NR)
Nombre corporativo o de jurisdicción como elemento de entrada (NR) Tribunal de Impugnación
9 (RLIN) 1
245 11 - CARATULA
Caratula "ERICE, JUAN ANTONIO; ARROYO, LEANDRO JAVIER s/ LESIONES GRAVÍSIMAS AGRAVADAS" /
Mención de responsabilidad, etc. (NR) Tribunal de Impugnación
300 ## - DESCRIPCION FISICA (R)
Extensión (R) 51 p.
Otros detalles físicos (NR) pdf
518 ## - NOTA DE FECHA/HORA Y LUGAR DE UN EVENTO (R)
Fecha de la Resolución (NR) 29/06/2026
653 ## - TERMINO DE INDIZACION - NO CONTROLADO (R)
Término de indización no controlado (R) LESIONES GRAVÍSIMAS AGRAVADAS POR HABER SIDO COMETIDAS POR UN FUNCIONARIO POLICIAL EN ABUSO DE SU FUNCIÓN Y POR EL EMPLEO DE ARMA DE FUEGO
653 ## - TERMINO DE INDIZACION - NO CONTROLADO (R)
Término de indización no controlado (R) ARTS 41 BIS, 45, 91, 92 Y 80 INC 9° CP
653 ## - TERMINO DE INDIZACION - NO CONTROLADO (R)
Término de indización no controlado (R) FUNCIONARIO POLICIAL
653 ## - TERMINO DE INDIZACION - NO CONTROLADO (R)
Término de indización no controlado (R) COMPETENCIA FUNCIONAL
653 ## - TERMINO DE INDIZACION - NO CONTROLADO (R)
Término de indización no controlado (R) ABUSO DE LA FUNCIÓN POLICIAL
653 ## - TERMINO DE INDIZACION - NO CONTROLADO (R)
Término de indización no controlado (R) EMPLEO ARMA DE FUEGO
653 ## - TERMINO DE INDIZACION - NO CONTROLADO (R)
Término de indización no controlado (R) DOLO DIRECTO
653 ## - TERMINO DE INDIZACION - NO CONTROLADO (R)
Término de indización no controlado (R) VALORACIÓN ARMÓNICA Y CONJUNTA DE TODA LA PRUEBA
700 1# - FIRMANTES - NOMBRE PERSONAL (R)
Nombre personal (NR) Patricia Romina Lupica Cristo
9 (RLIN) 48
700 ## - FIRMANTES - NOMBRE PERSONAL (R)
Nombre personal (NR) Trincheri, Walter Richard
9 (RLIN) 8
700 1# - FIRMANTES - NOMBRE PERSONAL (R)
Nombre personal (NR) Macagno, Mauricio
9 (RLIN) 284
774 ## - NUMERO DE LEGAJO
Número de Legajo LEG 294143/2024
856 ## - LOCALIZACION Y ACCESO ELECTRONICOS (R)
Identificador Uniforme del Recurso (“URI”) (R) <a href="http://jurispenal.jusneuquen.gov.ar/cgi-bin/koha/opac-retrieve-file.pl?id=448886e9391dc6c827ecf4fef9ca8c40">http://jurispenal.jusneuquen.gov.ar/cgi-bin/koha/opac-retrieve-file.pl?id=448886e9391dc6c827ecf4fef9ca8c40</a>
Texto del vínculo (R) Texto completo Sentencia TI
942 ## - Elementos Agregados (KOHA)
Fuente de clasificación o esquema de estanterías Dewey Decimal Classification
Tipo de material Koha (Default) Sentencias

No items available.